|
|
|
|
| LEADER |
01327nam a22002537a 4500 |
| 001 |
19145 |
| 003 |
BD-DhAAL |
| 005 |
20230620103927.0 |
| 008 |
230619t19992006ii ||||| |||| 001 0 ben d |
| 082 |
|
|
|a 320.95414
|2 23
|
| 100 |
|
|
|a লাহিড়ী, অবনী.
|9 54805
|
| 245 |
|
|
|a তিরিশ চল্লিশের বাংলা :
|b রাজনীতি ও আন্দোলনের অভিজ্ঞতা প্রসঙ্গে /
|c অবনী লাহিড়ী; সম্পাদনা রণজিৎ দাশগুপ্ত
|
| 246 |
|
|
|a Tirish challisher bangla
|
| 260 |
|
|
|a কলকাতা :
|b সেরিবান,
|c ২০০৬
|
| 300 |
|
|
|a ২১৬ পৃষ্ঠা ;
|c ২২ সে.মি.
|
| 500 |
|
|
|a নিঘন্ট অন্তভূক্ত.
|
| 541 |
|
|
|a 19145
|
| 651 |
|
|
|a West Bengal (India)
|x Politics and government
|y 20th century.
|
| 651 |
|
|
|a West Bengal (India)
|x Politics and government
|y 21st century.
|9 54810
|
| 651 |
|
|
|a West Bengal (India)
|x Politics and government .
|
| 700 |
|
|
|a দাশগুপ্ত, রণজিৎ.
|9 54806
|
| 942 |
|
|
|2 ddc
|c BK
|
| 999 |
|
|
|c 45907
|d 45907
|
| 952 |
|
|
|0 0
|1 0
|2 ddc
|4 0
|6 320_954140000000000_LAH
|7 0
|9 73840
|a BIGD
|b BIGD
|c GEN
|d 2023-06-19
|g 125.00
|l 0
|o 320.95414 LAH
|p 3050019145
|r 2023-06-19
|w 2023-06-19
|y BK
|x Transferred from BDI to BIGD.
|